01751nab a2200469 a 450000100060000000300080000600500170001400600190003100700150005000800410006502200140010603500210012004000260014105000180016708000070018508200120019210000270020421000480023122200950027924501320037426000620050630000130056831000100058136200190059153301640061054600390077465000170081365000440083065000210087465000150089565000200091065000370093065300140096765300270098165300180100865500320102670000290105871000190108774000960110685600620120299900170126429603FlNmELB20241216220515.0m o d | cr cn|||||||||201104r2005 sp |||||s|||||||||||spa d a1578-5157 a(OCoLC)955409304 aFlNmELBbspacFlNmELB 4aG62bQ86 2005 a9104a9102221 aQuirós Rosado, Elia.10aGeofocus. Rev. int. cienc. tec. inf. geogr. 0aGeofocus. Revista internacional de Ciencia y Tecnología de la información Geográfica10aPosibilidades estereoscópicas de los datos espacialesh[recurso electronico] /cElia Quirós Rosado, Aurora Cuartero Sáez. aMadrid :bAsociación de Geógrafos Españoles,c2005. a65-76 p. aAnual0 aNum. 5 (2005)- aRecurso electrónico. Santa Fe, Arg.: e-libro, 2015. Disponible vía World Wide Web. El acceso puede estar limitado para las bibliotecas afiliadas a e-libro. aResumenes en español e inglés. 0aGeografía. 0aSistemas de información geográfica. 0aTeledetección. 0aGeography. 0aRemote sensing. 0aGeographical information system. aGeografia aInformacion geografica aTeledeteccion 4aArtículos electrónicos.1 aCuartero Sáez, Aurora.2 ae-libro, Corp.02aGeofocus. Revista internacional de Ciencia y Tecnología de la información Geográfica.40uhttps://elibro.net/ereader/politecnicointernacional/21507 c29603d29603